सी। वाई। चिंतामणि (Record no. 1241315)

MARC details
000 -LEADER
fixed length control field 00740nam a2200193Ia 4500
008 - FIXED-LENGTH DATA ELEMENTS--GENERAL INFORMATION
fixed length control field 151121s9999||||xx |||||||||||||| ||und||
082 ## - DEWEY DECIMAL CLASSIFICATION NUMBER
Classification number 920।71/वर्मा
082 ## - DEWEY DECIMAL CLASSIFICATION NUMBER
Item number HNW-59636
100 ## - MAIN ENTRY--PERSONAL NAME
Personal name वर्मा रवीन्द्रनाथ
245 ## - TITLE STATEMENT
Title सी। वाई। चिंतामणि
260 ## - PUBLICATION, DISTRIBUTION, ETC. (IMPRINT)
Name of publisher, distributor, etc "नेशनल बुक ट्रस्ट, इंडिया, न।दिल्ली।"
260 ## - PUBLICATION, DISTRIBUTION, ETC. (IMPRINT)
Date of publication, distribution, etc --
300 ## - PHYSICAL DESCRIPTION
Extent 80
600 ## - SUBJECT ADDED ENTRY--PERSONAL NAME
Personal name वर्मा रवीन्द्रनाथ
630 ## - SUBJECT ADDED ENTRY--UNIFORM TITLE
Uniform title सी। वाई। चिंतामणि
700 ## - ADDED ENTRY--PERSONAL NAME
Personal name वर्मा रवीन्द्रनाथ
730 ## - ADDED ENTRY--UNIFORM TITLE
Uniform title सी। वाई। चिंतामणि
942 ## - ADDED ENTRY ELEMENTS (KOHA)
Koha item type Book
Holdings
Withdrawn status Lost status Damaged status Not for loan Home library Current library Date acquired Cost, normal purchase price Total Checkouts Full call number Barcode Date last seen Cost, replacement price Price effective from Koha item type
        Hirachand Nemchand Wachanalaya, Solapur Hirachand Nemchand Wachanalaya, Solapur 11/21/2015 13.00   HNW-59636 HNW-59636 11/21/2015 13.00 11/21/2015 Book